000 00448nam a22001817a 4500
003 MPLRDC
005 20220104171414.0
008 210129b ||||| |||| 00| 0 eng d
020 _a1-85627-363-0
082 _a192.8 HYM
100 _aROBIN HMAN
245 _aTHE PAN DICTIONARY OF FAMOUS QUOTATIONS
_c
250 _a再版
260 _a
_bORANGE BOOKS
_c1989
300 _b
650 _a格言; 箴言; 金言
942 _cBK
_o192.8 HYM
999 _c58443
_d58433